00393nam a2200169Ia 4500008004000000041000800040082001200048100001400060245004200074260004500116650000800161650001600169650000900185650000700194650001000201650001200211210210b1926 xxu||||| |||| 00| 0 eng d aeng a824/134 aGARRY (A) aChapter in the early life Shakespeare aCambridgebAt the University Pressc1926 athe aShakespeare alife ain aearly aChapter